[Event "UKR-ch KO 74th"]
[Site "Rivne"]
[Date "2005.08.24"]
[Round "1.1"]
[White "Baklan, Vladimir"]
[Black "Onischuk, Vladimir"]
[Result "1-0"]
[WhiteElo "2584"]
[BlackElo "2349"]
[Annotator "Gofshtein,L"]
[PlyCount "63"]
[EventDate "2005.08.24"]
[EventType "k.o."]
[EventRounds "5"]
[EventCountry "UKR"]
[SourceTitle "CBM 109"]
[Source "ChessBase"]
[SourceDate "2005.11.14"]
[SourceVersion "1"]
[SourceVersionDate "2005.11.14"]
[SourceQuality "1"]

1. e4 c5 2. Nf3 d6 3. d4 cxd4 4. Nxd4 Nf6 5. f3 {Black delays the development
of his knight, preparing to transpose to the Maroczi bind} Nc6 6. Nc3 {6.c4
was an alternative and as the game below shows white has some advantage} (6. c4
Qb6 $132 (6... Qb6 7. Nc2 e6 8. Nc3 Be7 9. Rb1 Nb4 10. Nxb4 Qxb4 11. Be3 O-O
12. Be2 Bd7 13. O-O Bc6 14. a3 Qa5 15. b4 Qc7 16. Rc1 $14 {1/2-1/2
Mastrovasilis,D-Georgiev,K/Topola 2004/CBM 101 (29)})) 6... e5 $5 {6... e6 or
6...g6 were also possible, transposing to either sheveningen or to the dragon
systems} (6... e6 7. Be3) 7. Nb3 Be7 8. Be3 Be6 {[%cal Rd6d5]} 9. Nd5 {White
prevents the freeing breakthrough d6-d5} Bxd5 {Black is practically forced to
exchange on d5, as after c2-c4 white's space edge would be evident} 10. exd5
Nb8 11. Qd2 {Developing the queen and preparing in some cases Na5 with an
attack on the queenside. 14.a4 was also seen trying to start an immideate game
on the queenside} (11. a4 $5 a5 12. Bb5+ Nbd7 13. O-O O-O 14. Qd2 Qc7 15. Rac1
Nc5 16. Rfd1 $14 {1-0 Motylev,A-Polajzer,D/Lvov 1999/EXT 2000 (32)}) 11... O-O
12. Be2 {White has a pleasent choice between the play on both flanks. In both
cases white's chances look preferable} (12. Rc1 Nbd7 13. Na5 Qc7 14. Be2 Nh5
15. O-O Nf4 16. Bd1 Bg5 17. b4 h6 18. c4 $14 {1-0 Varga,Z-Wittmann,W/Budapest
2000/EXT 2002 (47)}) (12. O-O-O $5 a5 13. Kb1 a4 14. Nc1 a3 15. b3 Na6 16. g4
Nd7 17. h4 $14 {1-0 Kantaria,M-Sergeev,V/Dos Hermanas 2004/CBM 099 ext (40)})
12... Nh5 {Black tries to start a counterplay on the kingside, as the games
below show 12...a5 was also possible trying to get some space on the queenside}
(12... a5 $5 13. a4 (13. c4 Nfd7 14. O-O h6 15. g3 a4 16. Nc1 Bg5 17. f4 exf4
18. gxf4 Bf6 19. Rb1 Re8 20. Bf3 Qa5 21. Qxa5 Rxa5 22. Bf2 Na6 23. Bg4 Nab8 24.
Nd3 $14 {1/2-1/2 Grosar,A-Wirthensohn,H/Graz 1993/CBM 035 (37)}) 13... Nfd7 14.
O-O h6 15. Bb5 Bg5 16. f4 exf4 17. Bxf4 $14 {1/2-1/2 Varga,Z-Wells,P/Budapest
1997/CBM 058 ext (36)}) (12... Nbd7 13. Na5 (13. O-O b6 14. a4 a5 15. c3 Nh5
16. Bb5 $14 {0-1 Schneider,B-Bagaturov,G/Boeblingen 1996/EXT 2001 (35)}) 13...
Qb8 $5 (13... Qc7 14. c4 h6 15. b4 Nh7 16. O-O Bg5 17. Rac1 $14 {1-0 Sakelsek,
T-Kokol,P/Grize 2001/CBM 084 ext (31)}) 14. O-O Bd8 $5 15. Rfd1 Bb6 $132 16.
Bxb6 Nxb6 17. c4 {1/2-1/2 Yakovich,Y-Ubilava,E/Kharkov 1985/MCL (17)}) 13. O-O
f5 14. f4 $5 {A typical plan for this position. White sacrifices a pawn in
order to stop the advance of the black pawns on the kingside and gets a
penetration square on e6 for his knight. 14.c4 first as was played in the game
below also deserves attention} (14. c4 $5 b6 15. a4 a5 16. f4 exf4 17. Bd4 $44
{1-0 Chandler,M-Hermesmann,H/Germany 1988/GER-chT (70)}) 14... exf4 $6 {
14...Nf4 was stronger, trying to exchange the white dark squared bishop} (14...
Nxf4 $5 15. Bxf4 exf4 16. Nd4 (16. Qxf4 Bg5 17. Qb4 Qc7 18. Bd3 $14 {[%cal
Gb3d4,Gd4e6]}) 16... Qb6 17. Kh1 Nd7 18. Ne6 Rf7 19. c3 Nf6 20. Bf3 $44) 15.
Bd4 $1 {A strong move, after which white gets a clear edge} (15. Bxf4 Nxf4 16.
Qxf4 Bg5) 15... Nf6 16. Qxf4 $16 {[%csl Ge6,Rf5] A bishop pair, the weak pawn
on f5 and the e6 square give white a big advantage} Ne8 {[%cal Re8c7,Rc7e6]
Black tries to cover the weakness on e6} (16... Ne4 17. Bd3 Bg5 18. Qf3 $36) (
16... g6 17. c4 $16) 17. Qe3 Nc7 18. Bd3 {[%cal Rd3f5] Creating threats to the
black king} g6 19. g4 $1 {Opening files on the black king} Bg5 (19... fxg4 20.
Bxg6 $18) 20. Qh3 Bf6 {White's attack is also very dangerous after 20...f4} (
20... f4 21. Bxg6 hxg6 22. Qh8+ Kf7 23. Qh7+ Ke8 24. Rae1+ Be7 25. Bg7 $40) 21.
gxf5 g5 22. Qg3 {White has an extra pawn and also the attack} Kh8 23. c4 b6 24.
Kh1 {White has a clear advantage and further pressing black} h6 25. Rae1 {
[%cal Re1e7]} Rg8 26. Bxf6+ Qxf6 27. Nd2 $1 $18 {[%cal Gd2e4,Ge4d6,Ge4f6]
White transfers his "passive" knight to an active position} Re8 (27... Nd7 28.
Ne4 Qf8 29. Qxd6 Qxd6 30. Nxd6 $18) 28. Rxe8+ Nxe8 29. Ne4 {Breaking the
blockade on the f5 pawn} Qf8 30. f6 Nd7 31. f7 Ng7 32. Qh3 {[%cal Gh3h6]} 1-0

[Event "SCG-ch 1st"]
[Site "Kopaonik"]
[Date "2005.04.03"]
[Round "2"]
[White "Pavlovic, Milos"]
[Black "Markovic, Miroslav"]
[Result "1/2-1/2"]
[WhiteElo "2475"]
[BlackElo "2509"]
[Annotator "Gofshtein,L"]
[PlyCount "80"]
[EventDate "2005.04.02"]
[EventType "tourn"]
[EventRounds "13"]
[EventCountry "YUG"]
[EventCategory "11"]
[SourceTitle "CBM 107"]
[Source "ChessBase"]
[SourceDate "2005.08.01"]
[SourceVersion "1"]
[SourceVersionDate "2005.08.01"]
[SourceQuality "1"]

1. e4 c5 2. Nf3 d6 3. d4 cxd4 4. Nxd4 Nf6 5. Nc3 Bd7 {A rare line which
doesn't have a good reputation} 6. Bg5 (6. Bc4 $5) 6... e6 7. Ndb5 Bc6 8. Bxf6
{A typical exchange for this kind of position. White corrupts Black's pawn
structure.} gxf6 9. Qd2 {9.Qh5 deserves attention, see the game
Perunovich-Nadj Nejesl, 2005, where White got a clear edge.} (9. Qh5 $5 a6 10.
Nd4 Bd7 11. O-O-O Nc6 (11... Qc7 12. f4 Qc5 13. f5 $36 {0-1 Toma,K-Jurkiewicz,
K/Brzeg Dolny 2001/EXT 2002 (27)}) 12. Nb3 $5 $36) (9. Bc4 a6 10. Nd4 Bd7 11.
Qh5 Qc8 12. Bb3 Qc5 13. Nf5 (13. Qxc5 dxc5 14. Nf3 Rg8 $132 {0-1 Pikulinski,
A-Wismont,R/Lubniewice 1998/EXT 2000 (54)}) 13... Nc6 $132 {1-0 Ivanovic,
B-Kupreichik,V/Becici 1994/EXT 2000 (77)}) 9... a6 10. Nd4 Bd7 {A typical move
for this variation. Black frees the c6 square for his knight.} 11. O-O-O Nc6
12. f4 h5 {[%cal Gf8h6] Black opens the diagonal for his bishop.} 13. Kb1 Qb6 {
Contrary to the regular Rauzer variations Black didn't play b7-b5 and can hide
his king on the queenside after a long castling.} 14. Nb3 {White doesn't want
to trade queens after Nd4. That's why he removes his knight from the centre.}
O-O-O 15. Be2 h4 {Removing the pawn off the attack of the white pieces} 16.
Rhf1 {[%cal Yf1f3,Yf3d3,Yf3h3] Activating his rook and transfering to regroup
it to the third rank.} Be7 17. Rf3 Kb8 18. a3 Bc8 {Black waits, improving the
position of his pieces.} 19. Na4 Qc7 20. Nd4 {White tries to activate his
pieces and gets to the black king.} (20. c4 Rhg8 21. g3 d5 22. exd5 exd5 $132 {
[%cal Rc8f5]}) (20. Rd3 Rhg8 21. Bf3) 20... Rhg8 {[%cal Rg8g2] Attacking the
g2 pawn black tries to prevent White from attacking on the queenside.} 21. Rc3
{By sacrificing the pawn white puts up more pressure on the queenside.} Rxg2
22. Qe3 Qa5 $5 {Black defends very actively. He also attacks the White pieces.}
23. Bf1 (23. Rxc6 Qxa4 24. Rc4 Qd7 25. Qh3 Rdg8 $132) (23. Nxc6+ bxc6 24. Bf1
Rxh2) 23... Nxd4 $6 {23...Rh2 deserved attention sacrificing the exchange and
getting an active counterplay in compensation.} (23... Rxh2 $5 24. Qg1 Qxa4 25.
Nxc6+ bxc6 26. Qxh2 Qxe4 $44) 24. Bxg2 Nb5 25. Rc4 {Black has lost the
exchange without getting any compensation.} d5 26. exd5 Nd6 27. Rxc8+ $2 {
White returns the extra exchange. 27.Rd4 looks much stronger with a clear edge.
} (27. Rcd4 $5 Nf5 28. Qd2 $1 Qxd2 29. R4xd2 $16) 27... Nxc8 28. Nc3 Qb6 29.
Qf3 {White doesn't wish to trade queens and trying to exploit his more active
pieces.} f5 $5 {[%cal Yf5e4,Re7h4,Re7f6,Yf6c3] Taking control over the e4
square and opening the diaogonals for his bishop.} 30. Rd3 Nd6 $132 {[%cal
Rd6c4,Rd6e4] Black gets his knight closer and receives active counterplay.} 31.
dxe6 {White opens the h1-a8 diagonal and doesn't allow the black queen to be
activated.} fxe6 32. Na4 Qg1+ 33. Ka2 Ne4 {The initiative is already on
black's side. All his pieces are very active.} 34. Rxd8+ Bxd8 35. Qd3 Qxg2 $6 {
Black agrees to the draw. At the same time, after 35...Bc7 Black would have
had chances for a win.} (35... Bc7 $5 36. Bxe4 fxe4 37. Qxe4 b5 (37... Qxh2 $2
38. Nc5 $18) 38. Nc3 Qxh2 39. Qxe6 Qxf4 $36) 36. Qxd8+ Ka7 37. Qb6+ Kb8 38.
Qd8+ Ka7 39. Qd4+ Kb8 40. Qe5+ Ka7 1/2-1/2

[Event "Moscow Aeroflot op-A"]
[Site "Moscow"]
[Date "2005.02.16"]
[Round "2"]
[White "Fedorov, Alexei"]
[Black "Ivanchuk, Vassily"]
[Result "0-1"]
[WhiteElo "2603"]
[BlackElo "2711"]
[Annotator "Gofshtein,L"]
[PlyCount "66"]
[EventDate "2005.02.15"]
[EventType "swiss"]
[EventRounds "9"]
[EventCountry "RUS"]
[SourceTitle "CBM 106"]
[Source "ChessBase"]
[SourceDate "2005.06.06"]
[SourceVersion "1"]
[SourceVersionDate "2005.06.06"]
[SourceQuality "1"]

1. e4 c5 2. Nf3 Nc6 3. Nc3 d6 4. d4 cxd4 5. Nxd4 Nf6 6. f3 {White chooses a
rare line in the Rauzer variation. The main line is 6.Bg5} e5 7. Nb3 Be7 8. Be3
O-O {8...Be6 deserves attention with a further 9...d5. Black easily got an
equality in the next game:} (8... Be6 $5 9. Qd2 d5 10. exd5 Nxd5 11. Nxd5 Qxd5
12. Qxd5 Bxd5 13. O-O-O O-O-O 14. Bb5 Kc7 15. Rd2 b6 $11 {Savko-Petkevich
Latvia 1994}) 9. Qd2 a5 $5 {Black starts a counterplay on the queenside. 9...
Be6 is a possible alternative which gives black a fine counterplay as the
games given below show} (9... Na5 $5 10. O-O-O Be6 11. Nxa5 Qxa5 12. Kb1 Kh8
13. g4 b5 14. a3 b4 15. Nd5 Bxd5 16. exd5 Rab8 $132 {1/2-1/2 Kudrin,S-Dlugy,M/
Estes Park 1987/EXT 97 (20)}) (9... Be6 $5 10. Nd5 (10. Rd1 Na5 11. Nd5 Nxd5
12. exd5 Nxb3 13. axb3 Bd7 14. Be2 f5 $132 {1/2-1/2 Prokopchuk,E-Motylev,A/
Moscow 2002/CBM 088/[Hecht] (52)}) (10. O-O-O a6 (10... a5 {It seems a
stronger reaction than} 11. a4 Nb4 12. g4 d5 13. g5 Nxe4 14. fxe4 d4 15. Qg2
Qb8 16. Nxd4 exd4 17. Bxd4 Qf4+ 18. Kb1 Qxg5 $132 {0-1 Pribyl,M-Gross,S/
CZE-chT9495 1995 (64)}) 11. g4 b5 12. h4 Na5 13. Nd5 $13 {Pribl-Pisk,Chech Rep.
1995}) 10... Bxd5 11. exd5 Nb8 12. c4 Nbd7 13. Be2 a5 14. Rd1 Nh5 $132 {
0-1 Van der Mije,A-Gaprindashvili,N/Hyeres 1988/EXT 2004 (33)}) 10. Bb5 (10.
Bd3 a4 11. Nc1 a3 12. b3 Be6 13. Nd5 Bxd5 14. exd5 Nxd5 15. Bxh7+ Kxh7 16. Qxd5
Ra5 17. Qd3+ f5 $132 {0-1 Willems,L-Pavlov,M/Krakow 1964/EXT 2000 (26)}) (10.
a4 Nb4 11. Rd1 d5 12. Nxd5 Nfxd5 13. exd5 Bf5 $44) 10... Be6 $5 {Black
develops his bishop to an active position and preparing counterplay. 10...Na7
looks less convincing} (10... Na7 11. Bd3 (11. Be2 Be6 $5 12. O-O Nc8 13. Rfd1
Nb6 14. Kh1 a4 $132) 11... Be6 (11... Nc6 12. Bb5 Na7 13. Bd3 Nc6 14. a3 Be6
15. Rd1 h6 (15... d5 16. exd5 Nxd5 17. Nxd5 Bxd5 18. Bxh7+) 16. O-O Nd7 $16 {
1-0 Ivanchuk,V-Khalifman,A/Elista 1998/CBM 065/[Atlas,V] (64)}) 12. Qf2 (12.
Rd1 {1-0 Vorobiov,E-Lukin,A/St Petersburg RUS 2002/The Week in Chess 381 (45).
(44) is the main line. ist die Hauptvariante.}) (12. O-O Nc8 13. a4 Nb6 14. Qf2
Nc4 15. Bxc4 Bxc4 16. Rfd1 Qc8 $132 {0-1 Filipenko,A-Miroshnichenko,E/Bled
2000/CBM 75 ext (35)}) 12... Nc6 13. Bb5 d5 $1 {sollte genauer untersucht
werden. Mir scheint, dass Schwarz so spielen kann, z.B.} 14. exd5 (14. Nxd5
Nxd5 15. exd5 Qxd5 16. Nc5 Bxc5 17. Bxc5 Rfd8 18. O-O Nd4 $15) 14... Nxd5 15.
O-O-O a4 16. Nxa4 Qc7 $44) 11. O-O-O {11.Rd1 deserves attention, not deciding
on the position of the king yet} (11. Rd1 $5 {— 86/191}) (11. Nd5 Bxd5 12. exd5
Na7 $5 13. Be2 a4 14. Nc1 Qc7 $132) (11. Rd1 Na7 (11... Nb4 12. a3 Na6 13. Qf2
Nc7 14. Nc5 Qc8 15. Nxe6 fxe6 16. Qe2 d5 $132) 12. Be2 $16 {1-0 Lobron,
E-Kunsztowicz,U/Bad Neuenahr 1980/EXT 2001 (40)}) 11... Nb4 $5 {A very
interesting move. Although, 11...Na7 and 11...Ne8 with a further transfer of
the knight to the queenside gave black a fine position in the game given below}
(11... Ne8 $5 12. g4 $6 $146 (12. Kb1 Nc7 13. Bb6 Qb8 {/\ Rc8<=>}) 12... Nc7
13. Kb1 Qb8 $1 14. Bb6 Rc8 $132 {0-1 Sanikidze,T-Kacheishvili,G/Georgia (ch)
91/177 2004/Inf 91/[Kacheishvili,G] (35)}) (11... Na7 12. Be2 b5 $1 $146 (12...
Bd7) (12... Nc8 $5 13. Qe1 a4 14. Nc5 Qb6 $36 {0-1 Kriventsov,S-Benjamin,J/San
Diego USA 2004/The Week in Chess 525 (20)}) 13. Bxa7 a4 $1 14. Be3 axb3 15.
cxb3 b4 16. Na4 d5 17. Kb1 d4 18. Bf2 Nd7 $17 {Kriventsov,S-Shabalov,A/New
York (rapid) 91/(177) 2004/Inf 91/[RR] (18)}) 12. a3 (12. Kb1 d5 13. exd5 Nbxd5
14. Nxd5 Bxd5 $132) 12... d5 $5 {A temporarily piece sacrifice. Black restores
the material balance right away.} 13. axb4 d4 14. Nxd4 (14. Bg5 Bxb3 15. cxb3
Qb6 $36) (14. Bxd4 exd4 15. Nxd4 axb4 $36) 14... exd4 15. Qxd4 Qxd4 {Black's
idea is starting to clear up. He sacrifices a pawn but gets enough
compensation for the deficit of material.} 16. Rxd4 {In case of 16.Bd4, as the
variations show, black has a serious compensation for the pawn.} (16. Bxd4 axb4
17. Nb1 (17. Na4 Ra5 18. c4 bxc3 19. Nxc3 Bb3 $44) 17... Nxe4 18. fxe4 Bg5+ 19.
Rd2 Ra1 20. c3 Ba2 21. Bd3 bxc3 22. bxc3 Ra8 $44) 16... axb4 17. Nb1 (17. Nd1
Rfc8 18. Re1 Ra5 $44) 17... Rfc8 18. c4 $6 {White doesn't stand the pressure.
It was better to play 18.Rdd1 trying to consolidate his forces.} (18. Rdd1 $5
h6 (18... Bb3 19. Bd3 Ra2 20. Bd4 $16) 19. Rhe1 Ra2 20. Bd4) 18... bxc3 19.
bxc3 Ra5 $5 {Forcing the white bishop to move from an active position.} 20. Be2
Bc5 21. Rhd1 {White is already forced to give away the exchange either now or
after 21.Rd3 Bc4.} (21. Rd3 Bc4 $36) 21... Nd7 $5 {Black is not in a hurry to
take the exchange and regrouping his pieces to a better position.} 22. Kd2 (22.
R4d3 Bc4 23. Bxc5 Bxd3 24. Be3 Bxe2 25. Rxd7 b5 $17) 22... Ra2+ 23. Ke1 Bxd4
24. Bxd4 (24. cxd4 Bb3 $36) 24... Bb3 25. Rc1 (25. Rd2 Bc2 26. Bb5 Nf8 27. Na3
Ra1+ 28. Kf2 Bxe4 $17) 25... Ra4 {[%cal Ra4d4]} 26. Kd2 Nc5 27. Ke3 Ne6 $17 {
Black has a material advantage and also a positional one.} 28. Be5 f6 29. Bg3
Ra1 {Pinning the knight and putting up more pressure.} 30. Bb5 Ba2 31. Bd7 Rd8
32. Bxe6+ Bxe6 33. c4 Rc8 $19 (33... Rc8 34. c5 Ba2) 0-1

[Event "Villa Martelli"]
[Site "Villa Martelli"]
[Date "1998.05.22"]
[Round "4"]
[White "Rodriguez Vila, Andres"]
[Black "Scarella, Enrique Alejandro"]
[Result "1/2-1/2"]
[WhiteElo "2475"]
[BlackElo "2380"]
[Annotator "Gofshtein,L"]
[PlyCount "68"]
[EventDate "1998.05.??"]
[EventType "tourn"]
[EventRounds "9"]
[EventCountry "ARG"]
[EventCategory "9"]
[SourceTitle "CBM 065"]
[Source "ChessBase"]
[SourceDate "1998.08.06"]
[SourceVersion "1"]
[SourceVersionDate "1998.08.06"]
[SourceQuality "1"]

{[%mdl 4616]} 1. e4 c5 2. Nf3 Nc6 3. d4 cxd4 4. Nxd4 Nf6 5. Nc3 d6 6. f3 e5 7.
Nb3 Be7 (7... h6 8. Be3 Be7 (8... Be6 9. Qd2 a6 (9... d5 $5) 10. O-O-O Qc7 11.
Kb1 Rc8 12. g4 g6 13. h4 h5 14. g5 Nd7 15. Bh3 $16 {Podlesnik,B-Osterman,R/
SLO-ch 1991/1-0(38)}) 9. Qd2 O-O 10. O-O-O Na5 $6 11. Nxa5 Qxa5 12. Kb1 Kh8 $2
13. Nb5 Qd8 14. Nxd6 $18 {Winslow,E-Waitzkin,J/New York ACC 1993/1-0 (59)}) (
7... a5 8. Bb5 Be7 9. Be3 O-O 10. Qd2 Be6 11. Rd1 Na7 12. Be2 Nc8 13. O-O Nb6
14. Kh1 Nc4 15. Bxc4 Bxc4 16. Rfe1 b5 $132 {Giaccio,A-Mendez,E/Boca Juniors,
Buenos Aires ARG 1998/1-0(57)}) 8. Bg5 $6 $146 (8. Bc4 O-O 9. Be3 Be6 10. Nd5
Bxd5 11. Bxd5 (11. exd5 Na5 12. Nxa5 Qxa5+ 13. Qd2 Qxd2+ 14. Kxd2 Rfc8 15. Bb3
Bd8 $11 {[%cal Gd8b6] Dlauchy,P-Kopjonkin,G/Zalakaros op 1995/1/2-1/2 (77)})
11... Nb4 12. Bxb7 Rb8 $6 (12... Qc7 $5 13. Bxa8 Nxc2+ 14. Kf2 Nxa1 $13) 13.
Bd5 a5 14. c4 Nfxd5 15. exd5 a4 16. Nc1 Bg5 17. Bxg5 Qxg5 18. O-O $16 {Grosar,
A-Lobron,E/Ptuj zt 1995/1-0(39)}) 8... Be6 (8... Nxe4 $1 9. Nxe4 (9. Bxe7 Nxc3
10. Bxd8 Nxd1 11. Rxd1 (11. Bc7 $6 Nxb2 {[%csl Rc7][%cal Ge8d7]} 12. Bxd6 Be6 {
[%cal Gb2c4]} 13. Nc5 O-O-O 14. Nxe6 Rxd6 15. Nxg7 Rhd8 $15 {[%cal Gd6d2,Gd2d1,
Rc6d4]}) 11... Kxd8 12. Rxd6+ Ke7 13. Rd2 $11) 9... Bxg5 10. Nxd6+ Ke7 11.
Nxc8+ Rxc8 $15 {[%cal Gd8b6]}) 9. Qd2 h6 10. Bxf6 Bxf6 11. Nb5 (11. O-O-O $4
Bg5 $19) 11... O-O (11... d5 $2 12. exd5 Bg5 13. Qd1 Bxd5 14. Qxd5 Qxd5 15.
Nc7+ $18) (11... Be7 $5 12. Rd1 O-O 13. Nxd6 Bxd6 14. Qxd6 Nd4 $1 15. Qxd8 (15.
Rxd4 $6 exd4 16. Qxd4 Qxd4 17. Nxd4 Bxa2 $15) 15... Nxc2+ 16. Kd2 Rfxd8+ 17.
Kxc2 Rac8+ 18. Bc4 $8 Rxc4+ 19. Kb1 Rdc8 $15 {\=}) 12. Qxd6 Qb6 $44 {[%csl Re1]
} 13. Qc5 (13. O-O-O $2 Bxb3 14. cxb3 Rfd8 15. Qa3 Qe3+ 16. Kc2 Qf2+ 17. Kc1
Bg5+ $19) 13... Bxb3 14. Qxb6 axb6 15. cxb3 Nb4 16. Na3 ({After} 16. Kf2 Rfd8
$1 {[%cal Gd8d2]} (16... Rxa2 17. Rxa2 Nxa2 18. Bc4 $14 {[%csl Rb7,Rf7][%cal
Gh1a1,Gb5d6]}) 17. a3 Rd2+ 18. Kg3 $8 Rxb2 $36 {[%cal Gb4c2] Black has a
strong initiative}) 16... Rxa3 {Forsed an equal endgame with opposite colour
bishops.} (16... Rfd8 $5 17. Bc4 Bg5 {[%cal Gd8d2]} 18. Rf1 {[%cal Gf1f2]} Be3
$44 {[%cal Ge3d4]}) 17. bxa3 Nc2+ 18. Kd2 Nxa1 19. Bc4 Be7 20. Rxa1 Bxa3 $11 {
If black will not make any visible mistake the game will be finished by draw.}
21. Ke2 Rd8 22. Rd1 Rxd1 23. Kxd1 Kf8 24. Bd5 Ke7 25. Kc2 f6 26. Kc3 {[%cal
Gb3b4]} Bc5 27. Kc4 Kd6 28. Bxb7 Bg1 $1 29. h3 Bf2 {[%cal Gh6h5,Gh5h4]} 30. Bd5
h5 31. Bf7 h4 32. Bg6 Bg1 33. a4 Bf2 34. b4 Bg1 {If white king will move to
the kingside, black just will put his bishop on h6} 1/2-1/2